000 00354nam a22001577a 4500
003 OSt
005 20220407091632.0
008 220407b |||||||| |||| 00| 0 eng d
020 _a8176190088
040 _cHU
082 _a660.2815
100 _aSundaram S.
_935570
245 _aProcess Dynamics And Control
300 _f133
942 _2ddc
_cBOOKS
_n0
999 _c34540
_d34540